000 00435nam a22001697a 4500
003 NUST
020 _a 978-0-8031-80024
038 _akhadija
082 _a621.8802
_bAST
245 _aASTM Standards for Mechanical Fasteners and Related Processes /
_cSean J. Bailey
250 _a2nd
260 _aNew York :
_bASTM international,
_c2008.
300 _a1319 p. :
_b28 cm.
500 _aPaperback.
563 _aPB
942 _cBK
_2ddc
999 _c33478
_d33478